000 00502nam a2200169 i 4500
001 39088
003 ES-MaACL
005 20230906155904.0
007 t|
008 030227s1961 sp ||||1| cat d
100 1 _aCamprubí, Martín.
_934306
245 1 3 _aUn poca pena
_b: comedia cómica en tres actes /
_coriginal de Martín Camprubí y Lluis Mas.
260 _aBarcelona :
_bMillá,
_c1961.
300 _a54 p. ;
_c18 cm.
700 1 _aMas, Lluis.
_978618
852 _aES-MaACL
_jC-20848
_bR.49136
999 _c39088
_d39088